01697nam a2200373 a 4500001001000000003000500010005001700015008004100032010001100073011001100084040000900095090001000104100004900114245024700163260004100410500006000451502008600511590004100597590004000638590004000678590004000718650005300758650003900811650002700850650002800877700004100905856007000946901000701016942001001023942000601033999001901039952013001058952013501188000114698CHAP20220329144453.0180322s2017 mx sm |||||||spa d a111159 a112131 cCHAP aTesis1 aEspinosa Corredor, Dámaris Jocelyn913495710aEstudio de factibilidad técnico-economico para el establecimiento de una empacadora de tuna (opuntia spp.) en el municipío de Axapusco, Edo. de Méxicoh[En línea]cpor Dámaris Jocelyn Espinosa Corredor y Tania Rodríguez Ramírez. aChapingo, Méx. :bEl autor,c2017. aPara ver el contenido del material haga clic en la liga aTesis (Ing. Agroindustrial ) -- UACH. Departamento de Ingeniería Agroindustrial aE11695DGDb10c20180322lUCH01h0929 aE6339RRRb05c20180322lUCH01h0849 aE6339RRRb05c20180322lUCH01h0849 aE6339RRRb05c20180322lUCH01h085114aEmpacadorasxAspectos socioeconómicos.913009214aEmpacadorasxEvaluación.912788814aTunaxEmpaque.911555014aTunaxMercadeo.91155591 aRodríguez Ramírez, Tania9134958 aFinding aiduhttp://10.13.5.2/tesis/sist114698.pdfzTeclea aquí aBK cLIBRO n0 c111159d111159 00102local4051708TESISaBCbBCcPA_TESISd2018-03-22fTESISl0oTesisp114698-10r2019-12-31 00:00:00w2019-12-31yTESIS 00102local4053708TESISaBCbBCcPA_TESISd2018-03-22fLIBROl0oTesisp114698-20r2019-12-31 00:00:00tc.2w2019-12-31yTESIS